Statistics for Forever-Drake and Kanye parts only Lyric Quiz

Click here to take the quiz!

General Stats

  • This quiz has been taken 110 times
  • The average score is 25 of 49

Answer Stats

LyricsAnswer% Correct
Last name _____ever
95%
But understand noting was____ ___ __done for me
91%
First name ________greatest
91%
It may not mean___ _ ___nothing to y'all
84%
Like a _______ _____ boy ain't nothing to play withsprained ankle
84%
So I don't plan on _______ __ ___stopping at all
84%
Im shutting s*** down in ___ ____the mall
79%
I know G-IV pilots on _ _____ ____ _____a first name basis
75%
swimming in the money come and find me, ____nemo
75%
she insists she got more class, __ ____we know
75%
Dropped the mixtape, that s*** sounded like an _____album
74%
If I was in the club you know I balled, _____chemo
71%
Started off local but thanks to ___ ___ ______all the haters
70%
Everybody got a deal, I did it _______ ___without one
69%
I want this s*** _______ mayne, ____ mayne, ____mayneforever, ever
68%
I want this s*** _______ mayne, ____ mayne, ____mayneforever, ever
68%
Ever ever __ ____ is in the buildingMr. West
68%
Killing all these rappers you'd swear I had a ___ ____hit list
66%
Yeah, I'm about my ________business
62%
Ain't no question who about to ____ 'emkill
62%
If you ain't been a part of it at, at least you ___ __ _______.got to witness
60%
_______ who doubted me is asking for forgivenesseveryone
54%
Labels want my name beside a _ ____ ______X like Malcom
54%
and I ain't even ________ __ ____planning to call
53%
I used to have ____ ______hood dreams
51%
Who'd have thought a ______ ____ ____ would be the outcomecountry wide tour
48%
In your city faded off the brown, ____nino
47%
Just so I can make it rain ___ ______all spring
46%
You would think I ran the world like _________ ______Michelle's husband
46%
I had r***** the game _____young
44%
Mm, you're such a f****** _____.loser
39%
Y'all seen my _____, my _____story, glory
39%
You can call it ________statutory
38%
I stuck my d*** inside ____ ____ until that b**** camethis life
38%
and telling ____ ____ she the one for meevery girl
36%
When a n**** blow up they gon' build _______ for mestatues
36%
Now its _____ ___ chicks giving me McLovinsuper bad
36%
He didn't even go to class, _______Bueller
31%
Remember she had a bad hip like a _____ ____fanny pack
30%
You would think these n***** ____ __ when they really doesn'tknow me
30%
Like they was down with the ___ __, no you f****** wasn'told me
26%
Big ____, big ______fame, chains
25%
Old money _______ ______ (what?) nothin'Benjamin Button
24%
All the way in Hollywood and I ____ ____ ___can't even act
24%
They pull their cameras out and goddam they ____snap
20%
I went hard all fall like the ____ _____ball teams
18%
Trade the ______ _______ just to have my granny back.grammy plaques
17%
I used to want ____ ____ ______ y'all can have it backthis thing forever
10%
_____ ___ _______ would turn you into a maniacChasing the stardom
6%

Score Distribution

Percentile by Number Answered

Percent of People with Each Score

Your Score History

You have not taken this quiz